000 00602nam a2200229Ia 4500
003 OSt
005 20230616162337.0
008 210423s1991 xx 000 0 und d
040 _cAL
041 _aeng
082 _a574.87
_223
_bBECW
100 _aBECKER (Wayne M);DEAMER (David W)
_998525
245 _aWorld of the cell Ed 2
250 _a2
260 _aRedwood City
_bBenjamin Cummings Publishing Company
_c1991
300 _axxviii,802,G26,I29
_bBound
365 _cINR
650 _aBiology
_998526
650 _aCell Biology
_998527
906 _acell ; Ed ; World
942 _2ddc
_cBK
999 _c171124
_d171124